000 00654nam a2200145Ia 4500
008 151021s9999 xx 000 0 und d
050 _aT175.72.N38 2006
245 _a_Science , technology, Innovation and Society :The African Perspectives and Experiences Proceedings of the National Symposium in commemoration of the Scientific Revival Day of Africa/ Kenya National Academy of Sciences
260 _aNairobi: Kenya National Academy of sciences(KNAS) 2006
300 _aviii,115 p.
500 _aIncludes index
500 _aIncludes index
650 _a_Science Technology and Innovation in the society
980 _a^d20150421 01:01:24^omwanik
999 _c15121
_d15121